Gnuplot in Action Second Edition Understanding data with graphs /

Salvato in:
Dettagli Bibliografici
Autore principale: Janert, Philipp K. (Autore)
Natura: Libro
Lingua:inglese
Pubblicazione: Shelter Island: Manning publications, 2016
Edizione:2. vyd.
Soggetti:
Tags: Aggiungi Tag
Nessun Tag, puoi essere il primo ad aggiungerne!!

MARC

LEADER 00000nam a22000003a 4500
001 0085679
003 SK-STU
005 20201218094224.0
007 ta
008 201218s ----xo-----e------000-0-----d
020 |a 978-1-63343-018-1 
040 |a STU  |b slo 
041 0 |a eng  |h eng 
044 |a xxu 
100 1 |a Janert, Philipp K.  |4 aut  |r Z6 
245 1 0 |a Gnuplot in Action Second Edition  |b Understanding data with graphs /  |c aut. Philipp K Janert 
250 |a 2. vyd. 
260 |a Shelter Island:  |b Manning publications,  |c 2016 
300 |a 372 s. 
650 0 7 |a gnuplot 
650 0 7 |a managing data 
650 0 7 |a graphical analysis 
650 0 7 |a graphs 
996 |c V* 53095/O-24255  |l VV6  |s P  |a 0  |w 0085679_0001